| 000 | 00555cam a2200145 4500500 | ||
|---|---|---|---|
| 005 | 20251228093410.0 | ||
| 041 | _afre | ||
| 042 | _adc | ||
| 100 | 1 | 0 |
_aAucouturier, Michel _eauthor |
| 245 | 0 | 0 | _aEmma GERSTEIN Moscow Memoirs Translated and edited by John Crowfoot Londres, The Harvill Press, 2004, 482 p. |
| 260 | _c2004. | ||
| 500 | _a98 | ||
| 786 | 0 | _nCahiers du monde russe | Vol 45 | 3 | 2004-11-01 | p. 613zp-658zp | 1252-6576 | |
| 856 | 4 | 1 | _uhttps://shs.cairn.info/revue-cahiers-du-monde-russe-2004-3-page-613zp?lang=fr&redirect-ssocas=7080 |
| 999 |
_c1604311 _d1604311 |
||